<?xml version="1.0" encoding="UTF-8"?>
<record
    xmlns:xsi="http://www.w3.org/2001/XMLSchema-instance"
    xsi:schemaLocation="http://www.loc.gov/MARC21/slim http://www.loc.gov/standards/marcxml/schema/MARC21slim.xsd"
    xmlns="http://www.loc.gov/MARC21/slim">

  <leader>02850nam a22003497a 4500</leader>
  <controlfield tag="001">44065</controlfield>
  <controlfield tag="003">BD-RjUL</controlfield>
  <controlfield tag="005">20211209053808.0</controlfield>
  <controlfield tag="008">160713m19751974bg ||||| |||| 00| 0 ben d</controlfield>
  <datafield tag="020" ind1=" " ind2=" ">
    <subfield code="c">: Tk.33.00 (V-1)</subfield>
  </datafield>
  <datafield tag="020" ind1=" " ind2=" ">
    <subfield code="c">: Tk.28.00 (V-2)</subfield>
  </datafield>
  <datafield tag="035" ind1=" " ind2=" ">
    <subfield code="a">(BD-RjUL)44183</subfield>
  </datafield>
  <datafield tag="040" ind1=" " ind2=" ">
    <subfield code="a">BD-RjUL</subfield>
    <subfield code="b">ben </subfield>
    <subfield code="c">BD-RjUL</subfield>
  </datafield>
  <datafield tag="041" ind1=" " ind2=" ">
    <subfield code="a">ben </subfield>
  </datafield>
  <datafield tag="082" ind1=" " ind2=" ">
    <subfield code="2">23 </subfield>
    <subfield code="a">297.63 </subfield>
    <subfield code="b">NOS V-1-2 1974-1975</subfield>
  </datafield>
  <datafield tag="100" ind1="1" ind2=" ">
    <subfield code="a">&#x9A8;&#x9CB;'&#x9AE;&#x9BE;&#x9A8;&#x9C0;, &#x986;&#x9B2;&#x9CD;&#x9B2;&#x9BE;&#x9AE;&#x9BE; &#x9B6;&#x9BF;&#x9AC;&#x9B2;&#x9C0; </subfield>
    <subfield code="9">135328</subfield>
  </datafield>
  <datafield tag="245" ind1="1" ind2="0">
    <subfield code="a">&#x9B8;&#x9C0;&#x9B0;&#x9BE;&#x9A4;&#x9C1;&#x9A8;&#x9CD; &#x9A8;&#x9AC;&#x9C0; :</subfield>
    <subfield code="b">[&#x99B;&#x9BE;&#x9B2;&#x9CD;&#x9B2;&#x9BE;&#x9B2;&#x9CD;&#x9B2;&#x9BE;&#x9B9;&#x9C1; &#x986;&#x9B2;&#x9BE;&#x987;&#x9B9;&#x9C7; &#x993;&#x9AF;&#x9BC;&#x9BE; &#x99B;&#x9BE;&#x9B2;&#x9CD;&#x9B2;&#x9BE;&#x9AE;] /</subfield>
    <subfield code="c">&#x986;&#x9B2;&#x9CD;&#x9B2;&#x9BE;&#x9AE;&#x9BE; &#x9B6;&#x9BF;&#x9AC;&#x9B2;&#x9C0; &#x9A8;&#x9CB;&#x9AE;&#x9BE;&#x9A8;&#x9C0; ; &#x985;&#x9A8;&#x9C1;&#x9AC;&#x9BE;&#x9A6;&#x995;&#x9AE;&#x9A3;&#x9CD;&#x9A1;&#x9B2;&#x9C0;: &#x996;&#x9BE;&#x9B2;&#x9C7;&#x9A6; &#x99B;&#x9BE;&#x987;&#x9AB;&#x9C1;&#x9B2;&#x9CD;&#x9B2;&#x9BE;&#x9B9; &#x99B;&#x9BF;&#x9A6;&#x9CD;&#x9A6;&#x9BF;&#x995;&#x9C0; ... [ &#x98F;&#x9AC;&#x982; &#x985;&#x9A8;&#x9CD;&#x9AF;&#x9BE;&#x9A8;&#x9CD;&#x9AF; ] ; &#x9B8;&#x9AE;&#x9CD;&#x9AA;&#x9BE;&#x9A6;&#x9A8;&#x9BE;:  &#x9AE;&#x9C1;&#x9B9;&#x9BF;&#x989;&#x9A6;&#x9CD;&#x9A6;&#x9C0;&#x9A8; &#x996;&#x9BE;&#x9A8; [&#x9E7;&#x9AE; &#x996;&#x9A3;&#x9CD;&#x9A1;] ; &#x986;&#x9B2;&#x9CD;&#x9B2;&#x9BE;&#x9AE;&#x9BE; &#x9B6;&#x9BF;&#x9AC;&#x9B2;&#x9C0; &#x9A8;&#x9CB;&#x9AE;&#x9BE;&#x9A8;&#x9C0; (&#x9B0;&#x9B9;&#x983;) &#x993; &#x9B8;&#x9C8;&#x9AF;&#x9BC;&#x9A6; &#x9B8;&#x9CB;&#x9B2;&#x9BE;&#x9AF;&#x9BC;&#x9AE;&#x9BE;&#x9A8; &#x9A8;&#x9A6;&#x9AD;&#x9C0; (&#x9B0;&#x9B9;&#x983;) ; &#x9AA;&#x9CD;&#x9B0;&#x9A7;&#x9BE;&#x9A8; &#x985;&#x9A8;&#x9C1;&#x9AC;&#x9BE;&#x9A6;&#x995;: &#x9AE;&#x9C1;&#x9B9;&#x9BF;&#x989;&#x9A6;&#x9CD;&#x9A6;&#x9C0;&#x9A8; &#x996;&#x9BE;&#x9A8; ; &#x9B8;&#x9B9;&#x9AF;&#x9CB;&#x997;&#x9C0; &#x9AE;&#x9A3;&#x9CD;&#x9A1;&#x9B2;&#x9C0;: &#x986;&#x9AC;&#x9A6;&#x9C1;&#x9B2; &#x986;&#x9AF;&#x9C0;&#x9AF;, &#x9AE;&#x9CB;&#x9B9;&#x9BE;&#x9AE;&#x9CD;&#x9AE;&#x9A6; &#x9AE;&#x9CB;&#x9B0;&#x9B6;&#x9C7;&#x9A6;  &#x986;&#x9B2;&#x9AE; &#x993; &#x9B8;&#x9C8;&#x9AF;&#x9BC;&#x9A6; &#x9B6;&#x9BF;&#x9AC;&#x9B2;&#x9C0; &#x9AB;&#x9CB;&#x9B0;&#x995;&#x9CD;&#x995;&#x9BE;&#x9A8;&#x9C0; [&#x9E8;&#x9AF;&#x9BC; &#x996;&#x9A3;&#x9CD;&#x9A1;]  </subfield>
  </datafield>
  <datafield tag="260" ind1=" " ind2=" ">
    <subfield code="a">&#x9A2;&#x9BE;&#x995;&#x9BE; :</subfield>
    <subfield code="b">&#x9AA;&#x9CD;&#x9AF;&#x9BE;&#x9B0;&#x9BE;&#x9A1;&#x9BE;&#x987;&#x99C; &#x9B2;&#x9BE;&#x987;&#x9AC;&#x9CD;&#x9B0;&#x9C7;&#x9B0;&#x9C0;, </subfield>
    <subfield code="c">&#x9E7;&#x9EF;&#x9ED;&#x9EB; </subfield>
  </datafield>
  <datafield tag="300" ind1=" " ind2=" ">
    <subfield code="a"> &#x996;&#x9A3;&#x9CD;&#x9A1; ; </subfield>
    <subfield code="c">&#x9E8;&#x9EB; &#x9B8;&#x9C7;&#x9AE;&#x9BF;. </subfield>
  </datafield>
  <datafield tag="505" ind1="0" ind2=" ">
    <subfield code="a">&#x996;&#x9A3;&#x9CD;&#x9A1; &#x9E7; -- &#x996;&#x9A3;&#x9CD;&#x9A1; &#x9E8; -- </subfield>
  </datafield>
  <datafield tag="600" ind1=" " ind2=" ">
    <subfield code="a">&#x9B9;&#x9AF;&#x9B0;&#x9A4; &#x9AE;&#x9C1;&#x9B9;&#x9BE;&#x9AE;&#x9CD;&#x9AE;&#x9BE;&#x9A6; (&#x9B8;&#x983;),  </subfield>
    <subfield code="d">&#x9EB;&#x9ED;&#x9E6;-&#x9EC;&#x9E9;&#x9E8; </subfield>
    <subfield code="x">&#x99C;&#x9C0;&#x9AC;&#x9A8;&#x9C0;</subfield>
    <subfield code="9">237022</subfield>
  </datafield>
  <datafield tag="600" ind1=" " ind2=" ">
    <subfield code="a">Hazrat Muhammad (SM)</subfield>
    <subfield code="x">Biography</subfield>
    <subfield code="9">237023</subfield>
  </datafield>
  <datafield tag="600" ind1=" " ind2=" ">
    <subfield code="a">Muhammad (sm:), Hazarat, </subfield>
    <subfield code="d">570-632 </subfield>
    <subfield code="9">237024</subfield>
  </datafield>
  <datafield tag="700" ind1=" " ind2=" ">
    <subfield code="a">&#x9A8;&#x9A6;&#x9AD;&#x9C0;, &#x9B8;&#x9C8;&#x9AF;&#x9BC;&#x9A6; &#x9B8;&#x9CB;&#x9B2;&#x9BE;&#x9AF;&#x9BC;&#x9AE;&#x9BE;&#x9A8;,  &#x9AF;&#x9C1;&#x997;&#x9CD;&#x9AE; &#x9B2;&#x9C7;&#x996;&#x995;, [&#x9E8;&#x9AF;&#x9BC; &#x996;&#x9A3;&#x9CD;&#x9A1;]</subfield>
    <subfield code="9">237025</subfield>
  </datafield>
  <datafield tag="700" ind1=" " ind2=" ">
    <subfield code="a">&#x996;&#x9BE;&#x9A8;, &#x9AE;&#x9C1;&#x9B9;&#x9BF;&#x989;&#x9A6;&#x9CD;&#x9A6;&#x9C0;&#x9A8;, &#x9AA;&#x9CD;&#x9B0;&#x9A7;&#x9BE;&#x9A8; &#x985;&#x9A8;&#x9C1;&#x9AC;&#x9BE;&#x9A6;&#x995;, [&#x9E8;&#x9AF;&#x9BC; &#x996;&#x9A3;&#x9CD;&#x9A1;]</subfield>
    <subfield code="9">237026</subfield>
  </datafield>
  <datafield tag="700" ind1=" " ind2=" ">
    <subfield code="a">&#x986;&#x9AF;&#x9C0;&#x9AF;, &#x986;&#x9AC;&#x9A6;&#x9C1;&#x9B2;, &#x9AF;&#x9C1;&#x997;&#x9CD;&#x9AE; &#x985;&#x9A8;&#x9C1;&#x9AC;&#x9BE;&#x9A6;&#x995;, [&#x9E8;&#x9AF;&#x9BC; &#x996;&#x9A3;&#x9CD;&#x9A1;]</subfield>
    <subfield code="9">124760</subfield>
  </datafield>
  <datafield tag="700" ind1=" " ind2=" ">
    <subfield code="a"> &#x986;&#x9B2;&#x9AE;, &#x9AE;&#x9CB;&#x9B9;&#x9BE;&#x9AE;&#x9CD;&#x9AE;&#x9A6; &#x9AE;&#x9CB;&#x9B0;&#x9B6;&#x9C7;&#x9A6;, &#x9AF;&#x9C1;&#x997;&#x9CD;&#x9AE; &#x985;&#x9A8;&#x9C1;&#x9AC;&#x9BE;&#x9A6;&#x995;, [&#x9E8;&#x9AF;&#x9BC; &#x996;&#x9A3;&#x9CD;&#x9A1;] </subfield>
    <subfield code="9">237027</subfield>
  </datafield>
  <datafield tag="700" ind1=" " ind2=" ">
    <subfield code="a">&#x9AB;&#x9CB;&#x9B0;&#x995;&#x9CD;&#x995;&#x9BE;&#x9A8;&#x9C0;, &#x9B8;&#x9C8;&#x9AF;&#x9BC;&#x9A6;,&#x9B6;&#x9BF;&#x9AC;&#x9B2;&#x9C0;,  &#x9AF;&#x9C1;&#x997;&#x9CD;&#x9AE; &#x985;&#x9A8;&#x9C1;&#x9AC;&#x9BE;&#x9A6;&#x995;, [&#x9E8;&#x9AF;&#x9BC; &#x996;&#x9A3;&#x9CD;&#x9A1;]</subfield>
    <subfield code="9">236974</subfield>
  </datafield>
  <datafield tag="700" ind1=" " ind2=" ">
    <subfield code="a">&#x99B;&#x9BF;&#x9A6;&#x9CD;&#x9A6;&#x9BF;&#x995;&#x9C0;, &#x996;&#x9BE;&#x9B2;&#x9C7;&#x9A6; &#x99B;&#x9BE;&#x987;&#x9AB;&#x9C1;&#x9B2;&#x9CD;&#x9B2;&#x9BE;&#x9B9; ... [ &#x98F;&#x9AC;&#x982; &#x985;&#x9A8;&#x9CD;&#x9AF;&#x9BE;&#x9A8;&#x9CD;&#x9AF; ], &#x985;&#x9A8;&#x9C1;&#x9AC;&#x9BE;&#x9A6;&#x995;&#x9AE;&#x9A3;&#x9CD;&#x9A1;&#x9B2;&#x9C0;, [&#x9E7;&#x9AE; &#x996;&#x9A3;&#x9CD;&#x9A1;]</subfield>
    <subfield code="9">237028</subfield>
  </datafield>
  <datafield tag="700" ind1=" " ind2=" ">
    <subfield code="a">&#x996;&#x9BE;&#x9A8;, &#x9AE;&#x9C1;&#x9B9;&#x9BF;&#x989;&#x9A6;&#x9CD;&#x9A6;&#x9C0;&#x9A8;, &#x9B8;&#x9AE;&#x9CD;&#x9AA;&#x9BE;&#x9A6;&#x995; [&#x9E7;&#x9AE; &#x996;&#x9A3;&#x9CD;&#x9A1;]</subfield>
    <subfield code="9">237029</subfield>
  </datafield>
  <datafield tag="942" ind1=" " ind2=" ">
    <subfield code="2">ddc</subfield>
    <subfield code="c">BK</subfield>
  </datafield>
  <datafield tag="999" ind1=" " ind2=" ">
    <subfield code="c">44065</subfield>
    <subfield code="d">44065</subfield>
  </datafield>
  <datafield tag="952" ind1=" " ind2=" ">
    <subfield code="0">0</subfield>
    <subfield code="1">0</subfield>
    <subfield code="2">ddc</subfield>
    <subfield code="4">0</subfield>
    <subfield code="7">1</subfield>
    <subfield code="8">NFIC</subfield>
    <subfield code="a">RUCL</subfield>
    <subfield code="b">RUCL</subfield>
    <subfield code="c">Reading</subfield>
    <subfield code="d">1976-02-23</subfield>
    <subfield code="e">Mawla Brothers, Dhaka </subfield>
    <subfield code="g">28.00</subfield>
    <subfield code="l">0</subfield>
    <subfield code="o">B 297.63  NOS V-2 1975</subfield>
    <subfield code="r">2016-07-13 00:00:00</subfield>
    <subfield code="t">C-2</subfield>
    <subfield code="w">2021-12-09</subfield>
    <subfield code="y">BK</subfield>
  </datafield>
  <datafield tag="952" ind1=" " ind2=" ">
    <subfield code="0">0</subfield>
    <subfield code="1">0</subfield>
    <subfield code="2">ddc</subfield>
    <subfield code="4">0</subfield>
    <subfield code="7">0</subfield>
    <subfield code="8">NFIC</subfield>
    <subfield code="a">RUCL</subfield>
    <subfield code="b">RUCL</subfield>
    <subfield code="c">Stack</subfield>
    <subfield code="d">1976-02-23</subfield>
    <subfield code="e">Mawla Bradars; Dhaka</subfield>
    <subfield code="g">28.00</subfield>
    <subfield code="l">0</subfield>
    <subfield code="o">B 297.63  NOS V-1 1974</subfield>
    <subfield code="r">2016-08-06 00:00:00</subfield>
    <subfield code="t">C-2</subfield>
    <subfield code="w">2021-12-09</subfield>
    <subfield code="y">BK</subfield>
  </datafield>
  <datafield tag="952" ind1=" " ind2=" ">
    <subfield code="0">0</subfield>
    <subfield code="1">0</subfield>
    <subfield code="2">ddc</subfield>
    <subfield code="4">0</subfield>
    <subfield code="7">1</subfield>
    <subfield code="8">NFIC</subfield>
    <subfield code="a">RUCL</subfield>
    <subfield code="b">RUCL</subfield>
    <subfield code="c">Reading</subfield>
    <subfield code="d">1976-02-23</subfield>
    <subfield code="e">Mowla Brothers, Dacca</subfield>
    <subfield code="g">28.00</subfield>
    <subfield code="l">0</subfield>
    <subfield code="o">B 297.63  NOS V-2 1975</subfield>
    <subfield code="r">2019-12-26 00:00:00</subfield>
    <subfield code="t">C-1</subfield>
    <subfield code="w">2019-12-26</subfield>
    <subfield code="y">BK</subfield>
  </datafield>
  <datafield tag="952" ind1=" " ind2=" ">
    <subfield code="0">0</subfield>
    <subfield code="1">0</subfield>
    <subfield code="2">ddc</subfield>
    <subfield code="4">0</subfield>
    <subfield code="7">1</subfield>
    <subfield code="8">NFIC</subfield>
    <subfield code="a">RUCL</subfield>
    <subfield code="b">RUCL</subfield>
    <subfield code="c">Reading</subfield>
    <subfield code="d">1975-03-18</subfield>
    <subfield code="e">Mohiuddin and Sons, Rajshahi</subfield>
    <subfield code="g">33.00</subfield>
    <subfield code="l">0</subfield>
    <subfield code="o">B 297.63  NOS V-1 1974</subfield>
    <subfield code="r">2019-12-28 00:00:00</subfield>
    <subfield code="t">C-1</subfield>
    <subfield code="w">2019-12-28</subfield>
    <subfield code="y">BK</subfield>
  </datafield>
</record>
